| 000 | 00899nam a22001817a 4500 | ||
|---|---|---|---|
| 005 | 20221108101707.0 | ||
| 008 | 221108b ||||| |||| 00| 0 eng d | ||
| 040 | _cAL | ||
| 041 | _aEnglish | ||
| 082 |
_223 _a343.0954 _bSUNS |
||
| 100 |
_aA P Shanmuga Sundaram _961336 |
||
| 245 |
_aSubmission of Study Report before justice UL Bhat commission of Inquiry at Bangalore _bIn the Matter of Alleged illegalities and Irregularities in all levels of the government followed by great loss of the revenue to the state ex-checker and also causing huge damages to the roads and bridges of our state and also causing huge loss to the life and property of the general public VOL 1 |
||
| 260 |
_aBangalore _bFederation of southern states goods vehicle owners associations _c2006 |
||
| 300 |
_a420 p. _bHB _c29x20 cm. |
||
| 650 |
_aReport _961321 |
||
| 700 |
_aSUNDARAM (A P Shanmuga) _961322 |
||
| 942 |
_2ddc _cGF |
||
| 999 |
_c225060 _d225060 |
||